Responses for Primetime Celebrity Jeopardy! game #11 - Thursday, January 19, 2023

2022-2023 Primetime Celebrity Jeopardy! quarterfinal game 9.

Contestants

[<< previous game]

Cari Champion, a journalist from Pasadena, California

Brendan Hunt, an actor from Chicago, Illinois

B.J. Novak, an actor from Newton, Massachusetts

[next game >>]

Jeopardy! Round responses

COACH: BEARD
A TRASHY CATEGORY
LANDMARKS
I AM A CHAMPION!
"NN"YTIME
(Mayim: Responses contain a double "N".)
THE BOOK WITH NO PICTURES
    $100 7
ZZ Top

Cari
    $100 26
Oscar the Grouch

Brendan
    $100 20
(Mayim: You just ran that category.)
[Applause]

Mount Rushmore

Brendan
    $100 8
(Cari: Who is, uh, Laila [*]?)

Ali

Cari
    $100 21
innocent

Brendan
    $100 1
Fahrenheit 451

Brendan
    $200 13
boars

Brendan
    $200 27
a barge

Brendan
    $1,000 19
(Brendan: [Selecting the next clue] Um... the... fraction of OCD I have demands we do LANDMARKS for $100.)
[Cari laughs.]

the Great Wall of China

Brendan
    $200 9
(Cari: Uh, what is a grand s--a career slam?)

a grand slam

BrendanCari
    $200 22
(B.J.: [Surprised that he was able to ring in] Wow... I don't even know what to do!)

mannequins

B.J.
    $200 2
Crime and Punishment

B.J.
    $300 14
James Harden

Brendan
    $300 28
(trash) compactor

Brendan
    $300 18
the Space Needle

Brendan
    $300 10
the Indy 500

Brendan
    $300 23
millennials

B.J.
    $300 3
Dune

Brendan
    $400 15
(Mayim: Coach Beard is calling all the correct responses to our clues tonight, but B.J. and Cari will be looking to shave off some of his lead when Celebrity Jeopardy! returns right after this.)

testosterone

Brendan
    $400 29
a dump (or landfill)

B.J.
    $400 17
the Louvre

Brendan
    $400 11
Simone Biles

Brendan
    $400 24
cannibalize

Triple Stumper
    $400 4
Where the Crawdads Sing

Triple Stumper
    $500 16
Marx

Brendan
    $500 30
compost

Brendan
    $500 6
(Brendan: What is the [*] Opera House?)

Sydney

Brendan
    $500 12
horseshoes

Brendan
    $500 25
sonnets

B.J.
    $500 5
Lord of the Flies

B.J.

Scores at the first commercial break (after clue 15):

B.J. Brendan Cari
$700 $3,200 $0

Scores at the end of the Jeopardy! Round:

B.J. Brendan Cari
$2,100 $6,700 $0

Double Jeopardy! Round responses

WHAT'S NEW IN HISTORY
POP CULTURE
U.S. STAMPS
SHOE BIZ
STARTS WITH A SILENT LETTER
THOMAS EDISON
    $200 10
an amendment

B.J.
    $200 1
(Natalie) Cole

B.J.
    $200 16
Buzz Lightyear

B.J.
    $200 13
Nike

B.J.
    $200 29
a gnat

B.J.
    $200 28
Ford

Brendan
    $2,500 9
Fidel Castro

Brendan
    $400 6
Awkwafina

B.J.
    $400 25
an otter (a sea otter)

Brendan
    $400 27
(Mayim: B.J., are you wearing [*]?)
(B.J.: No, that's how I know something's up.)
(Mayim: Okay, got it.)

Uggs

Brendan
    $400 30
knead

B.J.
    $400 20
(B.J.: What is a mimeograph?)

a movie camera

B.J.
Triple Stumper
    $600 8
New Hampshire

Brendan
    $600 5
(B.J.: Knew that.)

Dear Evan Hansen

Triple Stumper
    $600 24
Pig-Pen

Brendan
    $600 26
(Brendan: [After Cari is ruled correct] Like these! Like these!)
[Brendan lifts his left leg to show off his footwear.]
(Mayim: Brendan, lift a leg up.)
(Brendan: I'm wearing [*]!)
(Mayim: Lift. that. leg. up.)
(B.J.: [Protesting] Can we get the game show commission on this? What is this?)
(Mayim: Also, I'm sorry, what socks are you wearing?)
(Brendan: They're, like, Yellow Submarine socks.)
(Cari: These are power socks.)
(Brendan: They were not in the question.)
(B.J.: If your answer's on your foot, that's like a...)
(Mayim: I was--it's so weird.)
(B.J.: ...that's not allowed.)
(Cari: It's not fair.)
(Mayim: It's weird.)
(Cari: It's not fair.)
(B.J.: I don't know.)
(Mayim: Don't look at me like that, I got nothin' to do with it!)
(B.J.: I'm looking at the whole--this whole system.)
(Cari: Yeah, it's not fair.)
(Brendan: You got [*], I got Louboutins. You--put your feet up there, you're wearing Louboutins.)
(B.J.: I'm--I'm putting the system on trial.)
(Cari: I do have red shoes on--red bottoms.)
(Mayim: Holy Toledo! Okay. I mean, what is with this SHOE BIZ?)

(blue) suede shoes

Cari
    $600 23
a czar

B.J.
    $600 19
a telegraph

B.J.
    $800 4
Leif Erikson

Brendan
    $800 2
Cary Grant

Brendan
    $800 12
mariachi

Cari
    $800 15
Zappos

Brendan
    $3,000 22
[B.J. puts his head in his hand when Brendan selects the second Daily Double of the Round.]
(Brendan: What is jack?)

wrench

Brendan
    $800 17
a kiln

Brendan
    $1000 7
(the) Gregorian (calendar)

Brendan
    $1000 3
(Jean) Smart

B.J.
    $1000 11
Diwali

Brendan
    $1000 14
Louboutin

Brendan
    $1000 21
Psalms

Brendan
    $1000 18
the phonograph

Brendan

Scores at the Double Jeopardy! Round commercial break (after clue 15):

B.J. Brendan Cari
$4,100 $15,200 $800

Scores at the end of the Double Jeopardy! Round:

B.J. Brendan Cari
$5,700 $16,600 $1,400

Triple Jeopardy! Round

SOME SERIOUS SCIENCE
VACATION SPOTS
2 WORDS, 3 LETTERS EACH
THAT BOOK TITLE IS MISLEADING
BRIT BITS
JOHNNY GILBERT IS THE TV CHARACTER
    $300 26
a reaction

B.J.
    $300 1
roller coaster

Brendan
    $300 21
(Cari: What is a hustler?)

a con man

BrendanCari
    $300 3
Dante

Brendan
    $300 2
Wales

B.J.
    $300 12
(Brendan: [Selecting the next clue] Let's sit back and enjoy... more of this category...)

Walter White

Brendan
    $600 28
a microscope

Brendan
    $600 17
ziplining

Brendan
    $600 22
one way

Brendan
    $600 8
Bondage

Brendan
    $600 4
Stonehenge

Brendan
    $600 13
Don Draper

Brendan
    $900 29
the Big Bang

Brendan
    $900 18
a safari

B.J.
    $900 23
a gym rat

Brendan
    $900 9
The Neverending Story

Brendan
    $2,200 5
Abbey Road

Brendan
    $900 14
(Mayim: That was Star Trek's [*].)

Dr. McCoy

Triple Stumper
    $1200 27
genome

Brendan
    $1200 20
Spain

Brendan
    $3,000 24
(Mayim: You look exhausted!)

old age

Brendan
    $1200 10
The Valley of the Dolls

B.J.
    $1200 6
Beefeater

Brendan
    $1200 15
(Mayim: ...from The Wire.)

Omar (Little)

Brendan
    $900 30
penicillin

Brendan
    $1500 19
Bora Bora

Brendan
    $1500 25
(Brendan: What is a big hat?)
...
(B.J.: Let me guess, he's wearing [*]?)
(Brendan: [Miming pulling off his pate to reveal a hat underneath] Ha-ha! Tweet-tweet!)

a red hat

Brendan
Triple Stumper
    $1500 11
Kurt Vonnegut

Brendan
    $1500 7
Canterbury

Brendan
    $1500 16
(Brendan: Hm. Hm. So not The Love Boat, which would've been my guess.)

Dexter

Triple Stumper

Scores at the end of the Triple Jeopardy! Round:

B.J. Brendan Cari
$8,400 $38,000 $1,100
(lock game)

[wagering suggestions for these scores]

Final Jeopardy! Round responses

NOTORIOUS PLACES
(Cari: [Explaining her response] It's notorious there.)
...
(Mayim: The maximum security prison in San Francisco Bay was nicknamed "the Rock", and it housed famous convicts like Capone and Machine Gun Kelly, and he--Al Capone played the banjo!)
CariWhat is Brendan's mind!!!
$1,000
B.J.What is going on here
$1,600
BrendanWhat is the Green Mill?
$10,000
Alcatraz

Final scores:

B.J. Brendan Cari
$6,800 $28,000 $100
2nd place: $30,000 to Stand Up 2 Cancer Winner: semifinalist 3rd place: $30,000 to NAACP Empowerment Programs

Game dynamics:

Coryat scores:

B.J. Brendan Cari
$8,400 $35,600 $1,100
20 R,
1 W
58 R
(including 5 DDs),
2 W
(including 1 DD)
4 R,
2 W

Combined Coryat: $45,100

[game clues] [game scores] [suggest correction]

Game tape date: 2022-11-06
The J! Archive is created by fans, for fans. Scraping, republication, monetization, and malicious use prohibited; this site may use cookies and collect identifying information. See terms. The Jeopardy! game show and all elements thereof, including but not limited to copyright and trademark thereto, are the property of Jeopardy Productions, Inc. and are protected under law. This website is not affiliated with, sponsored by, or operated by Jeopardy Productions, Inc. Join the discussion at JBoard.tv.